A design for democracy (Record no. 11353)

000 -LEADER
fixed length control field 00387pab a2200157 454500
008 - FIXED-LENGTH DATA ELEMENTS--GENERAL INFORMATION
fixed length control field 180718b1986 xxu||||| |||| 00| 0 eng d
100 ## - MAIN ENTRY--PERSONAL NAME
Personal name Roden, John
245 ## - TITLE STATEMENT
Title A design for democracy
260 ## - PUBLICATION, DISTRIBUTION, ETC.
Date of publication, distribution, etc. 1986
300 ## - PHYSICAL DESCRIPTION
Extent 147-63
650 ## - SUBJECT ADDED ENTRY--TOPICAL TERM
Topical term or geographic name entry element Ireland - Government
700 ## - ADDED ENTRY--PERSONAL NAME
Personal name Donal O' Brolchain
700 ## - ADDED ENTRY--PERSONAL NAME
Personal name Donal De Buttleir
773 ## - HOST ITEM ENTRY
Main entry heading Administration (Ireland)
909 ## -
-- 11353
Holdings
Withdrawn status Lost status Damaged status Not for loan Permanent Location Current Location Date acquired Serial Enumeration / chronology Barcode Date last seen Price effective from Koha item type
        Indian Institute of Public Administration Indian Institute of Public Administration 2018-07-19 Volume no: 34, Issue no: 2 AR11394 2018-07-19 2018-07-19 Articles

Powered by Koha